| 000 | 00861nam a2200241 a 4500 | ||
|---|---|---|---|
| 001 | BRCA_1620 | ||
| 005 | 20190320203500.0 | ||
| 008 | 160508s2007----mx-a---###---#000-0#spa-# | ||
| 020 | _a9789685208819 | ||
| 041 | _aspa | ||
| 044 | _amx | ||
| 050 | 4 |
_aND259.R5 _b.T53 2007 |
|
| 100 | 1 |
_aTibol, Raquel _95076 |
|
| 245 | 1 | 0 |
_aDiego Rivera _bgran ilustrador _cRaquel Tibol. |
| 260 |
_aMéxico _bRM : Museo Nacional de Arte _c2007 |
||
| 300 |
_a1 v. _bil. a color _c29 cm. |
||
| 500 | _aCatálogo de la exposición realizada en el Museo Nacional de Arte (Ciudad de México), noviembre 2007 - febrero 2008 | ||
| 500 | _aIncluye piezas de la colección Franz Mayer: p. 207 y 209 | ||
| 600 | 1 | 4 |
_aRivera, Diego _d1886-1957 _vExposiciones _94891 |
| 650 | 1 | 4 |
_aIlustración _ySiglo XX _zMéxico _95077 |
| 650 | 1 | 4 |
_aObra gráfica _ySiglo XX _zMéxico _95078 |
| 942 |
_2lcc _cB |
||
| 999 |
_c1427 _d1427 |
||